000 00656nam a2200193Ii 4500
003 JO-AjNU
008 230605s9999||||xx |||||||||||||| ||und||
040 _aJO-AjNU
_bara
_erda
_cJO-AjNU
041 _aara
050 1 4 _aRC607.A26.Q422 1985
100 3 _aالقضاة، عبدالحميد,
_eauthor
_941282
245 0 0 _aالجهاز الحركي للطفل قبل الولادة وبعدها بسنة
264 3 1 _aاربد:مكتبة الاقصى ، 1985
300 _a128ص
336 _atext
_btxt
_2rdacontent
337 _aunmediated
_bn
_2rdamedia
338 _avolume
_bnc
_2rdacarrier
650 4 _aالطفل- الجهاز الحركي
_941283
999 _aA17589
_c21157
_d21157